[Event "London Classic Open 2018"]
[Site "London ENG"]
[Date "2018.12.12"]
[Round "4.29"]
[White "Tozer, Philip A A"]
[Black "Wadsworth, Matthew J"]
[Result "0-1"]
[BlackTitle "FM"]
[WhiteElo "2137"]
[BlackElo "2364"]
[WhiteFideId "419982"]
[BlackFideId "415804"]
[EventDate "2018.12.09"]

1. c4 Nf6 2. g3 c6 3. Nf3 d5 4. Bg2 dxc4 5. a4 a5 6. Na3 Qd5 7. O-O Be6 8. Ne1
Qh5 9. d3 Na6 10. Bd2 Nc5 11. Nxc4 Bxc4 12. dxc4 O-O-O 13. Nd3 Nce4 14. Bf3 Qf5
15. b4 Nxd2 16. Qxd2 e5 17. Qc2 e4 18. Nc5 Bxc5 19. bxc5 Rhe8 20. Rfd1 Qxc5 21.
Rxd8+ Kxd8 22. Bg2 e3 23. f3 Kc7 24. Rd1 Rd8 25. Rxd8 Kxd8 26. Qd3+ Kc7 27. Bh3
h5 28. Kg2 Qe5 29. Bf5 g6 30. Bh3 h4 31. Bg4 hxg3 32. hxg3 Nxg4 33. fxg4 g5 34.
Kf3 f6 35. Qh7+ Kb6 36. Qb1+ Ka6 37. Qd3 b5 38. cxb5+ cxb5 39. axb5+ Qxb5 40.
Qxe3 Qc6+ 41. Kf2 Qb6 0-1

[Event "London Classic Open 2018"]
[Site "London ENG"]
[Date "2018.12.12"]
[Round "4.30"]
[White "Willmoth, Robert F"]
[Black "Lane, Gary W"]
[Result "0-1"]
[WhiteTitle "CM"]
[BlackTitle "IM"]
[WhiteElo "2144"]
[BlackElo "2353"]
[WhiteFideId "402540"]
[BlackFideId "3203301"]
[EventDate "2018.12.09"]

1. d4 f5 2. Bf4 Nf6 3. Nf3 d6 4. h3 g6 5. e3 Bg7 6. Bc4 e6 7. Nbd2 Qe7 8. Qe2
Nc6 9. Bb5 O-O 10. Bh2 Bd7 11. O-O a6 12. Ba4 Nxd4 13. Nxd4 Bxa4 14. Qc4 Bd7 15.
Qxc7 e5 16. N4b3 b5 17. Rac1 Qe6 18. Qa5 Rfc8 19. Rfd1 g5 20. Nf1 Bc6 21. Qd2
Bf8 22. a3 f4 23. Na5 Be8 24. exf4 gxf4 25. Qe2 Qf5 26. Re1 Ra7 27. Kh1 Rg7 28.
c3 Bf7 29. Nd2 Re8 30. f3 d5 31. a4 Qg5 32. axb5 axb5 0-1

[Event "London Classic Open 2018"]
[Site "London ENG"]
[Date "2018.12.12"]
[Round "4.31"]
[White "Gullaksen, Eirik"]
[Black "Bezuidenhout, Roland"]
[Result "0-1"]
[WhiteTitle "IM"]
[BlackTitle "FM"]
[WhiteElo "2349"]
[BlackElo "2145"]
[WhiteFideId "1500945"]
[BlackFideId "14304562"]
[EventDate "2018.12.09"]

1. e4 e6 2. d4 d5 3. Bd3 Be7 4. Nc3 dxe4 5. Bxe4 Nf6 6. Bf3 Nbd7 7. Nge2 c6 8.
Bf4 Nd5 9. Bg3 N7f6 10. O-O O-O 11. Na4 b5 12. Nc5 Qb6 13. Nd3 Bb7 14. a4 a5 15.
c3 Rfd8 16. Qc2 Rac8 17. Rfd1 Ba6 18. Nec1 Nd7 19. Qb3 b4 20. c4 N5f6 21. c5 Qa7
22. Qc2 Nd5 23. Nb3 Bxd3 24. Qxd3 e5 25. Bxd5 cxd5 26. Qb5 exd4 27. c6 Nc5 28.
Qxa5 Qxa5 29. Nxa5 Ne6 30. Nb7 Rf8 31. Rac1 Bg5 32. Nd6 Bxc1 33. Nxc8 Rxc8 34.
Rxc1 d3 35. Kf1 f5 36. Be5 d2 37. Rd1 Rxc6 38. Rxd2 Ra6 39. Rxd5 Rxa4 40. Rb5 g6
41. Ke2 Kf7 42. Rb7+ Kg8 43. Bd6 b3 44. f3 Ra5 45. Ke3 Rd5 46. Bb4 Re5+ 47. Kf2
Nf4 48. Bc3 Re2+ 49. Kf1 Rc2 50. g3 Rc1+ 51. Kf2 Rc2+ 52. Ke3 Nd5+ 53. Kd4 Nxc3
54. bxc3 b2 55. c4 Rxh2 56. c5 Rc2 57. Kd5 Kf8 58. c6 Ke8 59. Kd6 Rd2+ 60. Kc7
g5 61. Rb5 Rc2 62. Re5+ Kf7 63. Rxf5+ Ke6 64. Rb5 h5 65. Rb3 h4 66. gxh4 gxh4
67. Kb7 h3 68. c7 Kf5 69. c8=Q+ Rxc8 70. Kxc8 h2 71. Rxb2 h1=Q 72. Rb7 Ke6 73.
Rb6+ Kd5 74. Kb7 Qxf3 75. Rc6 Qe4 76. Kb6 Qb4+ 77. Kc7 Qa5+ 78. Kb7 Qb5+ 79. Rb6
Qd7+ 80. Kb8 Qd8+ 81. Kb7 Kc5 82. Rc6+ Kb5 83. Rc7 Qd6 84. Kc8 Qe6+ 85. Kb7 Qe4+
86. Ka7 Qd4+ 87. Kb7 Qd5+ 88. Ka7 Qd6 89. Kb7 Qd8 90. Rc8 Qb6+ 91. Ka8 Ka6 92.
Rc7 Qd4 93. Rc6+ Kb5 94. Rc7 Kb6 95. Rb7+ Ka6 96. Rb4 Qa7# 0-1

[Event "London Classic Open 2018"]
[Site "London ENG"]
[Date "2018.12.12"]
[Round "4.32"]
[White "Burrows, Martin P"]
[Black "Kueppers, Timo"]
[Result "0-1"]
[BlackTitle "FM"]
[WhiteElo "2134"]
[BlackElo "2320"]
[WhiteFideId "409057"]
[BlackFideId "16205820"]
[EventDate "2018.12.09"]

1. e4 c5 2. Nf3 d6 3. Bb5+ Nd7 4. d4 cxd4 5. Qxd4 a6 6. Bxd7+ Bxd7 7. c4 e6 8.
Bg5 Qc7 9. O-O Rc8 10. Nbd2 h6 11. Bh4 e5 12. Qd3 g5 13. Bg3 Nf6 14. Rfd1 Be7
15. Rac1 Be6 16. b3 Nd7 17. Nf1 O-O 18. Ne3 Qa5 19. Qb1 b5 20. Nd2 Qb6 21. Re1
Qa7 22. Qd3 Qb8 23. f3 Bd8 24. Kh1 Bb6 25. Nf5 Bxf5 26. exf5 Bd4 27. Ne4 bxc4
28. bxc4 Nc5 29. Qd2 Nxe4 30. fxe4 Qa7 31. f6 Qd7 32. Qe2 Qe6 33. Rf1 Kh7 34.
Bf2 Bxf2 35. Rxf2 Rg8 36. h3 Rg6 37. Qf1 g4 38. hxg4 Rxg4 39. Qd3 Rh4+ 40. Kg1
Qg4 41. Qxd6 Qh5 42. Rfc2 Rg8 43. Qc5 Rh1+ 44. Kf2 Qh4+ 0-1

[Event "London Classic Open 2018"]
[Site "London ENG"]
[Date "2018.12.12"]
[Round "4.33"]
[White "Lyell, Mark"]
[Black "Pollack, Oscar"]
[Result "1/2-1/2"]
[WhiteTitle "FM"]
[WhiteElo "2317"]
[BlackElo "2150"]
[WhiteFideId "402354"]
[BlackFideId "429414"]
[EventDate "2018.12.09"]

1. e4 e6 2. d4 d5 3. e5 c5 4. c3 Nc6 5. Nf3 Bd7 6. Be2 f6 7. O-O cxd4 8. cxd4
Nh6 9. Nc3 Nf7 10. exf6 Qxf6 11. Be3 g5 12. Qd2 Rg8 13. Ne5 Nfxe5 14. dxe5 Qxe5
15. Bh5+ Kd8 16. Rfe1 Qf5 17. h3 Ne5 18. Bd4 Qd3 19. Qxd3 Nxd3 20. Re3 Nb4 21.
Bf7 Rg7 22. Bxe6 Nc2 23. Bf6+ Re7 24. Bxd7 Kxd7 25. Bxe7 Bxe7 26. Rxe7+ Kxe7 27.
Nxd5+ Kd6 28. Rd1 Ke5 29. Ne3 Nxe3 30. fxe3 h5 31. Rd7 b5 32. Kf2 Rc8 33. Ke2 a5
34. Kd3 Rc1 35. Re7+ Kf5 36. Rb7 Rd1+ 37. Ke2 Rd5 38. Kf3 g4+ 39. hxg4+ hxg4+
40. Kg3 Re5 41. Rf7+ Ke6 42. Rf2 Re4 43. Rc2 a4 44. Kf2 Rb4 45. Ke2 Ke5 46. Kd3
Kd5 47. g3 Ke5 48. Rf2 Kd5 49. Rh2 Ke5 50. Rh5+ Ke6 51. Kc2 Rc4+ 52. Kb1 Rb4 53.
Rg5 Kf6 54. Rd5 Ke6 55. Rc5 Kd6 56. Rg5 a3 57. b3 Re4 58. Rxb5 Rxe3 59. Kc2 Re2+
60. Kc3 Rxa2 61. Rg5 Rg2 62. Rxg4 a2 63. Ra4 Rxg3+ 64. Kb2 Rg2+ 65. Ka1 Kc5 66.
Rxa2 Rxa2+ 67. Kxa2 Kb4 68. Kb2 Kb5 69. Kc3 Kc5 70. b4+ Kb5 71. Kb3 Kb6 72. Kc4
Kc6 73. b5+ Kb6 74. Kb4 Kb7 75. Kc5 Kc7 76. b6+ Kb7 77. Kb5 Kb8 78. Kc6 Kc8 79.
b7+ Kb8 80. Kb6 1/2-1/2

[Event "London Classic Open 2018"]
[Site "London ENG"]
[Date "2018.12.12"]
[Round "4.34"]
[White "Bhawoodien, Mohamed Ozayr"]
[Black "Ronka, Erik"]
[Result "0-1"]
[WhiteTitle "FM"]
[WhiteElo "2123"]
[BlackElo "2281"]
[WhiteFideId "14306484"]
[BlackFideId "505080"]
[EventDate "2018.12.09"]

1. b3 e5 2. Bb2 Nc6 3. e3 Nf6 4. Bb5 Bd6 5. Na3 e4 6. Nc4 Be7 7. Bxc6 bxc6 8. f3
d5 9. Ne5 Bb7 10. fxe4 dxe4 11. Nh3 O-O 12. O-O c5 13. Nf4 a5 14. a4 Nd5 15. Nh5
f5 16. Nxg7 Bc8 17. Nc6 Qd6 18. Nxe7+ Nxe7 19. Nh5 Ba6 20. Rf2 c4 21. g4 f4 22.
exf4 Ng6 23. f5 Nh4 24. g5 Nf3+ 25. Rxf3 exf3 26. Qxf3 Qb6+ 27. Kf1 c3+ 28. d3
Bb7 29. Qf4 Qc6 30. Bxc3 Qxc3 31. Re1 Qc6 32. Re7 Rf7 33. Qe5 Qf3+ 34. Ke1 Rxe7
35. Nf6+ Kf7 36. g6+ hxg6 37. fxg6+ Kxg6 38. Qxe7 Qxf6 39. Qxc7 Re8+ 40. Kd2
Qg5+ 41. Kc3 Rc8 0-1

[Event "London Classic Open 2018"]
[Site "London ENG"]
[Date "2018.12.12"]
[Round "4.35"]
[White "Abbas, Daniel"]
[Black "Sedykh, Mikhail"]
[Result "1/2-1/2"]
[WhiteTitle "FM"]
[WhiteElo "2280"]
[BlackElo "2118"]
[WhiteFideId "423831"]
[BlackFideId "447498"]
[EventDate "2018.12.09"]

1. e4 c5 2. Nf3 Nc6 3. Bb5 g6 4. Bxc6 dxc6 5. d3 Bg7 6. h3 Nf6 7. Nc3 O-O 8. Be3
b6 9. Qd2 e5 10. Bh6 Qd6 11. O-O Nh5 12. Bxg7 Kxg7 13. Ne2 f6 14. a4 a5 15. Qe3
Ba6 16. b3 Rae8 17. Nd2 Nf4 18. Nc4 Qc7 19. Nxf4 exf4 20. Qf3 Bc8 21. Rfe1 Be6
22. Rad1 b5 23. Nb2 Rd8 24. Qe2 Qe5 25. d4 cxd4 26. Nd3 Qd6 27. e5 fxe5 28.
Qxe5+ Rf6 29. Nxf4 Qxe5 30. Rxe5 Rxf4 31. Rxe6 bxa4 32. bxa4 Rf6 33. Re7+ Rf7
34. Re5 Rf5 35. Re7+ Rf7 36. Rde1 c5 37. Kf1 Rb8 38. R1e5 c4 39. Rxf7+ Kxf7 40.
Rxa5 Rb2 41. Rd5 Rxc2 42. Rxd4 Ke6 43. Ke1 c3 44. a5 Ra2 45. Rc4 Ra3 46. a6 h5
47. a7 Rxa7 48. Rxc3 Kf5 49. Ke2 Ra2+ 50. Kf3 Ra4 51. Rc5+ Kf6 52. Rc6+ Kf7 53.
Ke3 Ra3+ 54. Kf4 Kg7 55. Kg5 Ra5+ 56. Kh4 Ra2 57. Kg3 Ra3+ 58. f3 Ra2 59. h4 Rb2
60. Kh3 Rb3 61. Kh2 Ra3 62. Rc2 Rb3 63. Kg3 Ra3 64. Re2 Kf6 65. Kf4 Ra4+ 66. Re4
Ra2 67. g3 Ra5 68. Rc4 Rb5 69. Rc6+ Kf7 70. Rd6 Rf5+ 71. Ke4 Ra5 72. Rd5 Ra3 73.
Kf4 Kf6 74. Rd6+ Kg7 75. Ke4 Kf7 76. Kf4 Kg7 77. Kg5 Ra5+ 78. Kf4 1/2-1/2

[Event "London Classic Open 2018"]
[Site "London ENG"]
[Date "2018.12.12"]
[Round "4.37"]
[White "Ghukasyan, Siranush"]
[Black "Price, Gwilym"]
[Result "1/2-1/2"]
[WhiteTitle "WIM"]
[WhiteElo "2245"]
[BlackElo "2075"]
[WhiteFideId "13300946"]
[BlackFideId "443980"]
[EventDate "2018.12.09"]

1. e4 c5 2. Nf3 e6 3. d4 cxd4 4. Nxd4 Nf6 5. Nc3 Nc6 6. Ndb5 Bb4 7. a3 Bxc3+ 8.
Nxc3 d5 9. exd5 exd5 10. Bd3 d4 11. Ne2 Bf5 12. O-O Bxd3 13. Qxd3 Qd5 14. Nf4
Qe5 15. Qb3 Qe7 16. Nd3 O-O 17. Bg5 b6 18. Nb4 Nxb4 19. axb4 Qe5 20. Bxf6 Qxf6
21. b5 Qe5 22. Rfe1 Qc5 23. Ra4 Rfe8 24. Rxe8+ Rxe8 25. h3 Re1+ 26. Kh2 Qe5+ 27.
Qg3 Qxb5 28. Rxa7 g6 29. Qf4 Qd5 30. Qb8+ Kg7 31. Ra8 Qe5+ 32. Qxe5+ Rxe5 33.
Rd8 Rc5 34. Rxd4 Rxc2 35. Rb4 Rc6 36. Kg3 Kf6 37. Rb5 Rd6 38. Kf3 1/2-1/2

[Event "London Classic Open 2018"]
[Site "London ENG"]
[Date "2018.12.12"]
[Round "4.38"]
[White "Johnson, Daniel"]
[Black "Richardson, John R"]
[Result "1/2-1/2"]
[BlackTitle "FM"]
[WhiteElo "2111"]
[BlackElo "2242"]
[WhiteFideId "1721283"]
[BlackFideId "401617"]
[EventDate "2018.12.09"]

1. d4 Nf6 2. c4 e6 3. Nc3 Bb4 4. Qc2 O-O 5. Nf3 c5 6. dxc5 Na6 7. g3 Nxc5 8. Bg2
Nce4 9. Bd2 Nxd2 10. Nxd2 a6 11. O-O Rb8 12. e4 Qc7 13. a3 Be7 14. Qd3 b6 15.
Rac1 Bb7 16. h3 d6 17. Kh2 b5 18. cxb5 axb5 19. Nd5 Qd8 20. Nxe7+ Qxe7 21. Rfe1
h5 22. Nb3 h4 23. Na5 hxg3+ 24. fxg3 Nd7 25. Rcd1 Ne5 26. Qxd6 Qg5 27. Qd2 Qh5
28. Qe2 Qg5 29. Qd2 Qh5 30. Qe2 Qg5 31. Qd2 1/2-1/2

[Event "London Classic Open 2018"]
[Site "London ENG"]
[Date "2018.12.12"]
[Round "4.39"]
[White "Marzano, Carlo"]
[Black "Penna, Tommaso"]
[Result "1/2-1/2"]
[WhiteElo "2222"]
[BlackElo "1963"]
[WhiteFideId "802980"]
[BlackFideId "847836"]
[EventDate "2018.12.09"]

1. d4 Nf6 2. c4 g6 3. Nc3 Bg7 4. e4 d6 5. Be2 O-O 6. Nf3 e5 7. d5 a5 8. Bg5 h6
9. Bh4 Na6 10. Nd2 Qe8 11. a3 Bd7 12. b3 Nh7 13. O-O f5 14. f3 f4 15. Rb1 g5 16.
Bf2 h5 17. b4 axb4 18. axb4 b6 19. c5 bxc5 20. bxc5 Nxc5 21. Bxc5 dxc5 22. Bb5
g4 23. Nc4 Ng5 24. Bxd7 Qxd7 25. Rb7 Rab8 26. Qb3 Qc8 27. Rxb8 1/2-1/2

[Event "London Classic Open 2018"]
[Site "London ENG"]
[Date "2018.12.12"]
[Round "4.41"]
[White "Mihalik, Agoston"]
[Black "Edwards, Simon R"]
[Result "1/2-1/2"]
[WhiteElo "2220"]
[BlackElo "1931"]
[WhiteFideId "719021"]
[BlackFideId "406821"]
[EventDate "2018.12.09"]

1. e4 c5 2. Nf3 d6 3. Bb5+ Nc6 4. O-O Bd7 5. Re1 g6 6. Bxc6 Bxc6 7. d4 cxd4 8.
Qxd4 Nf6 9. e5 dxe5 10. Qxd8+ Rxd8 11. Nxe5 Rc8 12. c4 Bg7 13. Nc3 e6 14. Be3 a6
15. Rac1 Ne4 16. Nxe4 Bxe5 17. f4 f5 18. fxe5 Bxe4 19. Bh6 Kf7 20. Bg5 Rc7 21.
b3 Rhc8 22. Red1 Bc6 23. Be3 Rd7 24. Rxd7+ Bxd7 25. Rd1 Bc6 26. Bb6 Re8 27. Bd8
h6 28. h4 Rg8 29. Bf6 Rc8 30. Bd8 Ke8 31. Bb6 g5 32. hxg5 hxg5 33. Kf2 Kf7 34.
Bd8 g4 35. g3 b5 36. cxb5 axb5 37. Rc1 1/2-1/2

[Event "London Classic Open 2018"]
[Site "London ENG"]
[Date "2018.12.12"]
[Round "4.42"]
[White "Haribalu, V."]
[Black "Cramling Bellon, Anna"]
[Result "1-0"]
[BlackTitle "WFM"]
[WhiteElo "2208"]
[BlackElo "1927"]
[WhiteFideId "5015189"]
[BlackFideId "32009232"]
[EventDate "2018.12.09"]

1. e4 c5 2. d4 cxd4 3. c3 dxc3 4. Nxc3 Nc6 5. Nf3 e6 6. Bc4 Qc7 7. O-O Nf6 8.
Nb5 Qb8 9. e5 Nxe5 10. Nxe5 Qxe5 11. Re1 Qb8 12. Qd4 b6 13. Bf4 Bc5 14. Qd2 Qb7
15. Nc7+ Kf8 16. b4 Be7 17. Ba6 Qxa6 18. Nxa6 Bxa6 19. Bd6 Bb7 20. Rac1 Nd5 21.
Bxe7+ Kxe7 22. Qg5+ Nf6 23. f3 Rac8 24. Kf2 Bd5 25. a3 h6 26. Rxc8 Rxc8 27. Qxg7
h5 28. Qg5 Rc3 29. Re3 Rc2+ 30. Re2 Rc3 31. Rd2 Bc4 32. Rd4 Rc2+ 33. Kg3 Bf1 34.
Rd2 Rc3 35. a4 Rc4 36. Kf2 1-0

[Event "London Classic Open 2018"]
[Site "London ENG"]
[Date "2018.12.12"]
[Round "4.43"]
[White "Mihailidou, Magdalini"]
[Black "Stoyanov, Viktor"]
[Result "0-1"]
[WhiteElo "1754"]
[BlackElo "2205"]
[WhiteFideId "25801236"]
[BlackFideId "450308"]
[EventDate "2018.12.09"]

1. e4 c5 2. Nf3 d6 3. d4 cxd4 4. Nxd4 Nf6 5. Nc3 a6 6. Qd3 Nbd7 7. Bg5 e6 8. Be2
b5 9. a3 Bb7 10. f4 Be7 11. Bf3 Qc7 12. O-O-O O-O 13. g4 Rfc8 14. h4 Rab8 15.
Rh3 Ba8 16. Bxf6 Bxf6 17. g5 Be7 18. h5 Nc5 19. Qe2 b4 20. axb4 Rxb4 21. g6 Bf6
22. gxh7+ Kh8 23. e5 dxe5 24. fxe5 Bg5+ 25. Kb1 Rcb8 26. Nb3 Nxb3 27. cxb3 Rxb3
28. Bxa8 Rxb2+ 29. Qxb2 Rxb2+ 30. Kxb2 Qb8+ 31. Ka1 Qxa8 32. Rd7 Qg2 33. Rdd3
Bc1 34. Nd1 Bf4 35. Kb1 Bxe5 36. h6 g5 37. Rhf3 Bf4 38. Nc3 Kxh7 39. Ne4 Kxh6 0-1

[Event "London Classic Open 2018"]
[Site "London ENG"]
[Date "2018.12.12"]
[Round "4.45"]
[White "Bogner, Sebastian"]
[Black "Rushbrooke, Remy"]
[Result "1-0"]
[WhiteTitle "GM"]
[WhiteElo "2610"]
[BlackElo "1909"]
[WhiteFideId "4692055"]
[BlackFideId "443590"]
[EventDate "2018.12.09"]

1. Nf3 Nf6 2. c4 Nc6 3. d4 e6 4. a3 d6 5. Nc3 g6 6. e4 Bg7 7. Be2 O-O 8. Be3 Re8
9. h3 e5 10. dxe5 Nxe5 11. O-O Nxf3+ 12. Bxf3 Nd7 13. Qc2 Ne5 14. Be2 f5 15.
exf5 Bxf5 16. Qd2 Be6 17. b3 Qf6 18. Rac1 a6 19. Nd5 Qf7 20. Rfe1 c5 21. Nc3 Nc6
22. Ne4 Red8 23. Ng5 Qd7 24. Bf3 Kh8 25. Nxe6 Qxe6 26. Bg5 Qf7 27. Bd5 Qf8 28.
Bxd8 Rxd8 29. Bxc6 bxc6 30. Rc2 Bd4 31. Qg5 Rb8 32. Rce2 Be5 33. Qe3 Qf7 34. Qd3
a5 35. g3 Qb7 36. Re3 Kg8 37. Kg2 Rf8 38. f4 Bd4 39. Re7 Qc8 40. Qe4 1-0

[Event "London Classic Open 2018"]
[Site "London ENG"]
[Date "2018.12.12"]
[Round "4.46"]
[White "Wells, Peter K"]
[Black "Englisch, Colya"]
[Result "1/2-1/2"]
[WhiteTitle "GM"]
[WhiteElo "2412"]
[BlackElo "2105"]
[WhiteFideId "400327"]
[BlackFideId "36080420"]
[EventDate "2018.12.09"]

1. e4 d6 2. d4 Nf6 3. Nc3 g6 4. Bg5 Bg7 5. Qd2 h6 6. Bf4 g5 7. Bg3 Nh5 8. O-O-O
Nd7 9. e5 Nb6 10. Qe3 Bf5 11. Be2 Nxg3 12. hxg3 Qd7 13. f4 g4 14. d5 a6 15. Rh5
O-O-O 16. Bd3 Bg6 17. e6 Qe8 18. Bxg6 fxg6 19. Rh1 c5 1/2-1/2

[Event "London Classic Open 2018"]
[Site "London ENG"]
[Date "2018.12.12"]
[Round "4.48"]
[White "Wilks, Simon"]
[Black "Barrish, Daniel"]
[Result "1/2-1/2"]
[BlackTitle "FM"]
[WhiteElo "2019"]
[BlackElo "2252"]
[WhiteFideId "427357"]
[BlackFideId "14304600"]
[EventDate "2018.12.09"]

1. e4 c5 2. Nf3 e6 3. b3 Nf6 4. e5 Nd5 5. Bb2 Nc6 6. g3 Be7 7. c4 Nc7 8. Bg2 O-O
9. O-O b5 10. Na3 Ba6 11. d3 Rb8 12. Qe2 d5 13. exd6 Qxd6 14. Nc2 f6 15. Rad1 e5
16. Rfe1 Rfe8 17. Nh4 Bf8 18. Nf5 Qd7 19. Qg4 Kh8 20. Nfe3 Qxg4 21. Nxg4 Nd4 22.
Na3 b4 23. Nb1 Red8 24. Ne3 Rb6 25. Nd2 Bc8 26. h3 Ra6 27. Ra1 g6 28. a3 Bh6 29.
axb4 Bxe3 30. fxe3 Nc2 31. Rxa6 Nxa6 32. Rc1 Ncxb4 33. Ne4 Kg7 34. Bf1 Bf5 35.
Nf2 Nc6 36. g4 Be6 37. Bc3 Nab4 38. Ra1 Bc8 39. Bxb4 Nxb4 40. Rxa7+ Rd7 41.
Rxd7+ Bxd7 42. Ne4 Na6 43. Be2 f5 44. Nc3 Kf6 45. Kg2 Bc6+ 46. Kg3 Ke6 47. gxf5+
gxf5 48. Na2 Kf6 49. h4 h6 50. Bd1 Kg6 1/2-1/2

[Event "London Classic Open 2018"]
[Site "London ENG"]
[Date "2018.12.12"]
[Round "4.49"]
[White "Roe, Simon J"]
[Black "Prior, Stephen C V"]
[Result "1-0"]
[WhiteElo "2223"]
[BlackElo "2065"]
[WhiteFideId "401471"]
[BlackFideId "423378"]
[EventDate "2018.12.09"]

1. Nf3 b6 2. g3 Bb7 3. Bg2 Nf6 4. O-O e6 5. c4 c5 6. Nc3 Be7 7. d4 cxd4 8. Qxd4
d6 9. Bg5 a6 10. Bxf6 gxf6 11. Rfd1 Nc6 12. Qd2 Qc7 13. Rac1 Ne5 14. Nxe5 fxe5
15. e4 h5 16. h4 f6 17. b4 Kf7 18. Qe2 Rac8 19. Na4 f5 20. c5 dxc5 21. bxc5 bxc5
22. exf5 Bxg2 23. fxe6+ Kf6 24. Kxg2 Qc6+ 25. Kh2 Qxa4 26. Rd5 e4 27. Rc4 Qc6
28. Qb2+ Kg6 29. Qe5 Rcf8 30. Qxe4+ Kg7 31. Rg5+ Bxg5 32. Qxc6 Rxf2+ 33. Kh3 Be7
34. Rxc5 Rd8 35. Rxh5 Rdd2 36. Qc3+ Kg6 37. Ra5 Bf6 38. h5+ Kg7 39. Qc7+ Kh6 40.
e7 Rh2+ 41. Kg4 Rd4+ 42. Kf3 Rd3+ 43. Ke4 Rd4+ 44. Ke3 Rdd2 45. Qf4+ Kg7 46.
e8=N+ 1-0

[Event "London Classic Open 2018"]
[Site "London ENG"]
[Date "2018.12.12"]
[Round "4.50"]
[White "Bukojemski, Adam"]
[Black "Bin-Suhayl, Ieysaa"]
[Result "1-0"]
[WhiteElo "2218"]
[BlackElo "2038"]
[WhiteFideId "1114620"]
[BlackFideId "429031"]
[EventDate "2018.12.09"]

1. Nf3 Nf6 2. Nc3 c5 3. d3 d5 4. Bg5 Nc6 5. e4 d4 6. Ne2 e5 7. g3 Be7 8. Bg2 Qb6
9. Bc1 Qc7 10. Nd2 Bd7 11. O-O O-O 12. f4 b5 13. h3 Rfd8 14. f5 c4 15. a3 cxd3
16. cxd3 Na5 17. Nf3 Rdc8 18. Bd2 Bd6 19. g4 Nb7 20. Ne1 a5 21. Ng3 Be8 22. g5
Nd7 23. Nh5 Nb6 24. Qg4 Bf8 25. Rc1 Qd6 26. Nf3 Nd7 27. b4 Qb6 28. bxa5 Nxa5 29.
Bb4 Rxc1 30. Rxc1 Nb3 31. Rd1 Nbc5 32. Bf1 Na6 33. Bxf8 Kxf8 34. Qh4 Qd6 35. Rb1
Rb8 36. f6 g6 37. Ng7 h5 38. Nxh5 gxh5 39. Qxh5 Nxf6 40. gxf6 Qxf6 41. Nxe5 b4
42. Ng4 Qd6 43. e5 Qg6 44. Qh8+ Ke7 45. Qh4+ Kf8 46. axb4 Rxb4 47. Rc1 Qe6 48.
Nf6 Bc6 49. Bg2 Bb5 50. Qh8+ Ke7 51. Nd5+ 1-0

[Event "London Classic Open 2018"]
[Site "London ENG"]
[Date "2018.12.12"]
[Round "4.51"]
[White "Zhou, Yang-Fan"]
[Black "Derakhshani, Borna"]
[Result "1-0"]
[WhiteTitle "IM"]
[BlackTitle "FM"]
[WhiteElo "2434"]
[BlackElo "2325"]
[WhiteFideId "468584"]
[BlackFideId "12518450"]
[EventDate "2018.12.09"]

1. e4 c6 2. Nc3 d5 3. Nf3 Nf6 4. e5 Ne4 5. Ne2 e6 6. d3 Nc5 7. Nf4 Ncd7 8. d4 c5
9. c3 Nc6 10. a3 Qb6 11. h4 Be7 12. b4 cxd4 13. cxd4 a6 14. Be3 Nf8 15. Nd3 Bd7
16. Nc5 Na7 17. Bd3 Bb5 18. O-O Nd7 19. a4 Bxd3 20. Qxd3 Nxc5 21. dxc5 Qxb4 22.
Rfb1 Qe4 23. Qb3 d4 24. Nxd4 Nc8 25. Qxb7 Qxb7 26. Rxb7 Bxh4 27. Nc6 Ne7 28.
Nxe7 Bxe7 29. Rd1 Rc8 30. c6 f6 31. Rdd7 Ba3 32. Rxg7 fxe5 33. Bg5 Bd6 34. Rgd7
Rg8 35. Rxd6 Rxg5 36. Rxh7 1-0

[Event "London Classic Open 2018"]
[Site "London ENG"]
[Date "2018.12.12"]
[Round "4.52"]
[White "Head, Louise"]
[Black "Knudsen, Simon"]
[Result "1/2-1/2"]
[WhiteTitle "WFM"]
[WhiteElo "2079"]
[BlackElo "2206"]
[WhiteFideId "424773"]
[BlackFideId "12985546"]
[EventDate "2018.12.09"]

1. d4 Nf6 2. c4 g6 3. Nc3 d5 4. cxd5 Nxd5 5. Bd2 Nb6 6. Bf4 Bg7 7. e3 O-O 8. Nf3
c5 9. dxc5 N6d7 10. Be2 Nxc5 11. O-O Nc6 12. Rc1 Bf5 13. Nh4 Nd3 14. Bc7 Qxc7
15. Bxd3 Be6 16. a3 Rfd8 17. Qc2 Rac8 18. Nf3 Qb6 19. Qe2 Ne5 20. Nxe5 Bxe5 21.
Rfd1 Bb3 22. Bc2 Bc4 23. Rxd8+ Qxd8 24. Qd1 Qc7 25. h3 Rd8 26. Qe1 Be6 27. Be4
b6 28. Nb5 Qb8 29. Qe2 a6 30. Nc3 b5 31. f4 Bc4 32. Qc2 Bd6 33. b4 Qb6 34. Qf2
a5 35. Rb1 axb4 36. axb4 Bb8 37. Rd1 Rxd1+ 38. Nxd1 Qd6 39. Qe1 Ba7 40. g3 Bb3
41. Bf3 e6 42. Nb2 Bd5 43. Bxd5 Qxd5 44. Kf2 Qe4 45. h4 h5 46. Qc3 Bb6 47. Nd1
Qh1 48. Qd3 Qh2+ 49. Kf3 Qg1 50. Nc3 Qh1+ 51. Kf2 Qh2+ 52. Kf3 Qh1+ 1/2-1/2

[Event "London Classic Open 2018"]
[Site "London ENG"]
[Date "2018.12.12"]
[Round "4.53"]
[White "Burke, John S"]
[Black "Stephan, Axel"]
[Result "0-1"]
[WhiteElo "1980"]
[BlackElo "2204"]
[WhiteFideId "404322"]
[BlackFideId "4632834"]
[EventDate "2018.12.09"]

1. d4 Nf6 2. Bf4 d5 3. e3 c5 4. c3 Nc6 5. Nf3 Qb6 6. Na3 c4 7. Qc1 Nh5 8. Bg3
Nxg3 9. hxg3 e6 10. Nb1 f5 11. Nbd2 Be7 12. b3 cxb3 13. axb3 O-O 14. Bd3 h6 15.
b4 Bf6 16. b5 Ne7 17. Nb3 Qc7 18. O-O b6 19. Qb2 Bd7 20. Rfc1 Nc8 21. Nbd2 Nd6
22. c4 dxc4 23. Nxc4 Nxc4 24. Rxc4 Qd6 25. Ra6 Bc8 26. Ra2 Bb7 27. Rca4 Bd5 28.
Bc4 Rf7 29. Ra1 Rd7 30. Bxd5 Qxd5 31. Rc1 Kh7 32. Rac4 Re8 33. Rc8 Rxc8 34. Rxc8
Rd8 35. Rc7 Rd7 36. Rc1 Re7 37. Qb1 Qd7 38. Rc6 Kg8 39. Qb4 Qd5 40. Qc4 Qxc4 41.
Rxc4 Rd7 42. Rc6 Rd5 43. Rc8+ Kh7 44. Rc7 Rxb5 45. Rxa7 Rb1+ 46. Kh2 Rb2 47. Rb7
Kg8 48. Ne5 Bxe5 49. dxe5 Rxf2 50. Rxb6 Re2 51. Rb3 Rd2 52. Rb6 Rd3 53. Rxe6
Rxe3 54. Ra6 Rxe5 55. Kg1 Kf7 56. Kf2 Re6 57. Ra7+ Kf6 58. Ra5 Kg5 59. Ra7 g6
60. Ra4 Re4 61. Ra6 Rb4 62. Ra2 Kg4 63. Rc2 g5 64. Ra2 h5 65. Rc2 h4 66. gxh4
Rf4+ 67. Kg1 Kxh4 68. Rc3 Kg4 69. Ra3 Rb4 70. Rc3 Rb2 71. Ra3 f4 72. Rc3 Re2 73.
Ra3 Re3 74. Ra5 Rb3 75. Rc5 Kh4 76. Rf5 Rb2 77. Kh2 Rb1 78. Rf8 Kg4 79. Rc8 Rf1
80. Rc4 Rb1 81. Ra4 Rf1 82. Rc4 Kh5 83. Ra4 Kh4 84. Ra8 g4 85. Rh8+ Kg5 86. Rg8+
Kf5 87. Rf8+ Ke4 88. Re8+ Kd3 89. Rg8 g3+ 90. Kh3 Ke3 91. Ra8 Rd1 92. Kg4 Rd2
93. Ra3+ Kf2 94. Kxf4 Rd4+ 0-1